Quizzes
Events
Quiz Creation
Community
Videos
Private Events
Remove Ads
Sign In
Join for FREE
Feedback
Dark Mode
Quiz Categories
Sports
Geography
Music
Movies
Television
Just For Fun
Miscellaneous
History
Literature
Language
Science
Gaming
Entertainment
Religion
Holiday
For Kids
Quiz Lab
Recent
Popular Today
Quiz Kudos Today
Editor Picks
Curator Picks
Quizzes by...
Day
Popularity
Type
Ratings
Length
Year
Community
Subscriptions
Recent Discussions
Orange Saloon
Badges
Playlists
Quests
Create
Leaderboards
Showdown
Live 5
Trivia Bingo
Activity
Puzzle Library
Sporcle Events
Private Events
Virtual Trivia
Globe League
Become a Host
Pub Owners
SporcleCon
Opinionation
Our Games
Videos
Blog
Mobile Apps
Partnerships
Remove Ads and Go Orange
Feedback
Just For Fun
Clickable
Get the Picture
Humor
Quick Pick
Word Ladder
Missing Word
Mixed Word
Blitz
Minefield
This or That
Alphabet
Color
Typing
Sporcle
Puzzle
Word Play
Follow That Line
Logic
Just For Fun
Clickable
Get the Picture
Humor
Quick Pick
Word Ladder
Missing Word
Mixed Word
Blitz
Minefield
This or That
Alphabet
Color
Typing
Sporcle
Puzzle
Word Play
Follow That Line
Logic
Random Quiz
Search Sporcle
×
Quiz Lab
Quiz Lab
Just For Fun
Image Quiz
Type in answers that appear in a list
Type in answers that appear in a list
Classic
Best Score? Go Orange.
Characters by Their Chia Pet (Pictures) Stats
Can you name the Characters by Their Chia Pet (Pictures)?
By
HarryPotter14
4m
12 Questions
317 Plays
317 Plays
317 Plays
Comments
Comments
Give Quiz Kudos
Give Quiz Kudos
-
- Ratings
hide this ad
Replay
Link that replays current quiz
Next Quiz
Link to next quiz in quiz playlist
You Got
0%
They Got
Avg Score
87%
Avg Friend Score
Upgrade to see
Score Distribution
Jump to the score distribution portion of the page
Score
0/12
Timer
04:00
0
Plays Today
Location
Character/Person
% Correct
1.
Bart Simpson
98.1%
3.
Garfield
96.8%
8.
Spongebob Squarepants
96.5%
7.
Shrek
95.3%
2.
Donkey
94.3%
6.
Scooby Doo
94.3%
12.
Tweety Bird
92.7%
11.
Abraham Lincoln
90.2%
10.
Tasmanian Devil
86.4%
4.
George Washington
84.9%
5.
Kung Fu Panda
75.1%
9.
Shaggy
49.2%
Quiz Playlist
Details
Report
Send in Message
Add To Playlist
Classic:
Type in answers that appear in a list
Quiz Source
Last Updated: Apr 5, 2018
Quiz Scoreboard
CHALLENGE
Sign Up to Join the Scoreboard
Show All
Scores
Hide
Comments
May contain spoilers
Recently Published
Movies - When Are They Set?
by FPL_Elf
Movies
5m
Popular People in 1961
by mucciniale
History
6m
1-10 Letter E Words III
by El_Dandy
Language
2m
More to Explore
Quiz From the Vault
Featured Blog Post
Where Did the Easter Bunny Come From?
hide this ad
You Might Also Like...
Tags
Image Quiz
pet
Today's Top Quizzes in Just For Fun
Browse Just For Fun
hide this ad
Today's Top Quizzes in Image Quiz
Browse Image Quiz
Top Contributed Quizzes in Just For Fun
1
Harry Potter Logic - 'In Chains' II
2
Crossword Whiteout! 49
3
Survivor Winners Logic Puzzle
4
1-30 Clickable Mines
5
Harry Potter Logic Puzzle
6
one piece logic puzzle
7
Thermometer Puzzle 25
8
Zeroing In: Just For Fun
9
Word Ladder: Ahoy Matey
10
Aquarium Logic Puzzle 17
Explore More
Trending Topics
Harry Potter
Anime
Crossword
Disney
Kpop
NBA
Marvel
WWE
NFL
Song
Puzzle
Country
Pokémon
The Office
Soccer
hide this ad
More By:
HarryPotter14
Quiz
Plays
Rating
Category
Featured
Created
Movie Kisses II
77,301
4.36
Movies
Feb 1, 2012
Movies That Make Us Want to Dance
54,953
4.20
Movies
Apr 18, 2011
TV Shows by Pilot Episode
48,653
4.15
Television
May 17, 2012
'Go Your Own Way' Lyrics
45,656
4.66
Music
Oct 2, 2012
'60s, '70s, and '80s Hits by Clip
45,607
4.77
Music
Dec 10, 2012
Go to Creator's Profile
Score Distribution
Quiz Creator Spotlight
HarryPotter14
Follow
Send a Message
Quizzes Created
-
Created Quiz Play Count
-
More By This Creator
Popular Quizzes Today
1
Find the Countries of Europe - No Outlines Minefield
2
Find the US States - No Outlines Minefield
3
The Countries of the World
4
Popular People in 1961
5
1-10 Letter E Words III
6
US States
7
Find the US States
8
One Thing in Common: World Cities II
More Just For Fun Quizzes
Click Speed Test (CPS)
Quiz Lab
Trending Quizzes
Risky Map Clicking: Least Populous States A-Z
1-10 Letter F Words
Humor Books: The Subtitles
1-10 Letter G Words
One Thing in Common: United Kingdom
Recently Updated
Leaping Animals
pecheneg
Reality TV Shows (A-Z)
bhenderson79
Rickey Henderson's Hall of Fame Teammates
pecheneg
Champions League XIs: Arsenal
pecheneg
Quick Pick: Celebrities in WWE's Hall of Fame
aduchscher
A-Z Keypad Blitz II
pecheneg
Multiple Oscar Actors
pecheneg
Mystery Phrase Blitz: Oscar 'Best Actors'
pecheneg
F. Scott Fitzgerald Novels
LTH
Pick 3 Villains
ddd62291
Trending Topics
Anime
NBA
Crossword
Harry Potter
Kpop
Marvel
Disney
WWE
Puzzle
Country
Soccer
Song
Pokémon
NFL
The Office
Your Account Isn't Verified!
In order to create a playlist on Sporcle, you need to verify the email address you used during registration. Go to your
Sporcle Settings
to finish the process.
Report this User
Report this user for behavior that violates our
Community Guidelines
.
Details:
Send Report
Go to the Sporcle.com Mobile Site →
Comments